Daily Capital City Riddle #84 - Statistics

General Stats
  • This quiz has been taken 52 times
  • The average score is 29 of 33
Answer Stats
Type Answer % Correct
Found Letter E
100%
Alphabet Letter I
100%
Alphabet Letter S
100%
Correctly Placed Letter A
98%
Found Letter A
98%
Alphabet Letter B
98%
Alphabet Letter L
98%
Alphabet Letter N
98%
Alphabet Letter O
98%
Alphabet Letter T
98%
Alphabet Letter D
95%
Found Letter R
95%
Alphabet Letter G
93%
Alphabet Letter U
93%
Alphabet Letter W
93%
Correctly Placed Letter A
91%
Alphabet Letter C
91%
Found Letter H
91%
Alphabet Letter K
89%
Alphabet Letter P
86%
Correctly Placed Letter R
86%
Alphabet Letter M
84%
Alphabet Letter J
80%
Alphabet Letter Y
80%
Alphabet Letter V
77%
Correctly Placed Letter H
75%
Correctly Placed Letter R
75%
Alphabet Letter Z
75%
Alphabet Letter X
73%
Alphabet Letter Q
70%
Correctly Placed Letter E
68%
Alphabet Letter F
68%
Mystery Capital Harare
66%
No matching quizzes found
Score Distribution
Percent of People with Each Score
Percentile by Number Answered
Your Score History
You have not taken this quiz